000
002680000a22000970004500
100
1
_a
Howard, David M.
245
1
0
_a
Una oportunidad para toda la vida
300
_a
Vol. 76, Num. 4 (Octubre-Diciembre, 1996), Página 4
773
0
_t
Latin America Evangelist
942
_c
ANA
999
_c
55035
_d
55035